000 00926cam a22002893a 4500
001 20870
003 PGUSA
005 20140828083438.0
008 070322s2007||||xxu|||||s|||||000 1 eng d
040 _aPGUSA
_beng
042 _adc
050 4 _aPZ
100 1 _aPenrose, Margaret
245 1 4 _aThe Motor Girls Through New England; or, Held by the Gypsies
_h[electronic resource] /
_cMargaret Penrose
260 _bProject Gutenberg,
_c2007
506 _aPublic domain in the USA.
516 _aElectronic text
653 _aGirls -- Societies and clubs -- Juvenile fiction
653 _aAutomobile travel -- Juvenile fiction
653 _aNew England -- Juvenile fiction
653 _aAdventure stories
653 _aBrigands and robbers -- Juvenile fiction
653 _aRomanies -- Juvenile fiction
830 0 _aProject Gutenberg
_v20870
856 4 0 _uhttp://www.gutenberg.org/ebooks/20870
942 _cEB
999 _c250125
_d250125